Quale città della Germania...? - Statistics

Statistiche generali
  • Questo quiz è stato fatto 74 volte
    63 dall'ultimo reset
  • Il punteggio medio è 12 su 20
Statistiche sulle risposte
Definizione Città % Corretto
Capitale della Germania Berlino
100%
Capitale della Baviera Monaco
100%
Città di quella che fu la cattedrale più alta del mondo tra il 1880 e il 1884 Colonia
93%
Capitale finanziaria della Germania Francoforte
91%
Sede dei raduni Nazisti e di un tribunale Norimberga
85%
La sua "Città libera e anseatica" è la più popolosa situata sul fiume Elba Amburgo
83%
Capitale della Germania Ovest tra il 1949 e il 1990 Bonn
83%
Sede della Porsche e della Mercedes Stoccarda
83%
La seconda lettera di questa città è una ü Düsseldorf
78%
La casa reale di questa città ha guidato il Regno Unito dal 1714 al 1901 Hannover
78%
Fu oggetto di un controverso bombardamento da parte degli alleati nel 1945 Dresda
74%
Città dove morì J. S. Bach Lipsia
57%
La città più occidentale della Germania e residenza di Carlo Magno Aquisgrana
52%
La più grande città tedesca sul Mar Baltico Kiel
41%
Nona città tedesca più grande da cui ebbero origine i Krupp Essen
37%
I tre capi di stato degli Alleati si incontrarono qui nell'agosto del 1945 Potsdam
30%
Sede della più antica Università tedesca Heidelberg
26%
Karl Benz inventò l'automobile mentre stava lavorando in questa città che si trova all'intersezione del Reno col Neckar Mannheim
20%
Questa città ha dato il nome ad uno degli stati orientali della Germania Brandeburgo
19%
Questa città non esiste per davvero (in senso scherzoso) Bielefeld
11%
Nessun quiz corrispondente trovato
Distribuzione punteggi
Percentuale di utenti per punteggio
Percentile per numero di risposta
I tuoi punteggi nel tempo
Non hai fatto questo quiz dall'ultimo reset